Cultura y subordinación de la mujer en Nicaragua: memoria del 1 er. taller temático
Wedi'i Gadw mewn:
| Prif Awdur: | |
|---|---|
| Awdur Corfforaethol: | |
| Fformat: | Trafodyn Cynhadledd |
| Iaith: | Spanish |
| Cyhoeddwyd: |
Nicaragua :
CANTERA
|
| Cyfres: | Curso metodológico sector femenino
92 |
| Pynciau: | |
| Tagiau: |
Ychwanegu Tag
Dim Tagiau, Byddwch y cyntaf i dagio'r cofnod hwn!
|
MARC
| LEADER | 00000 a2200000 04500 | ||
|---|---|---|---|
| 001 | 48296 | ||
| 003 | |||
| 008 | 050614s1992 nq ao spa d | ||
| 040 | |a CRAI/IIS |c CRAI/IIS | ||
| 020 | |a [sin ISBN] | ||
| 022 | |a [sin ISBN] | ||
| 090 | |a 0003 C397c | ||
| 100 | |a Moscoso, Ma. Augusta |e editora | ||
| 245 | |a Cultura y subordinación de la mujer en Nicaragua: |b memoria del 1 er. taller temático | ||
| 260 | |a Nicaragua : |b CANTERA | ||
| 300 | |b il. |b fotografías | ||
| 440 | |a Curso metodológico sector femenino |v 92 | ||
| 500 | |a Datos tomados de la cubierta y contracubierta | ||
| 650 | |a CULTURA POPULAR | ||
| 650 | |a Macrothesauro de la OCDE/ | ||
| 650 | |a MUJERES | ||
| 650 | |a Macrothesauro de la OCDE/ | ||
| 650 | |a IDENTIDAD | ||
| 650 | |a Macrothesauro de la OCDE/ | ||
| 650 | |a PATRIARCADO | ||
| 650 | |a Macrothesauro de la OCDE/ | ||
| 650 | |a MITOS | ||
| 650 | |a Macrothesauro de la OCDE/ | ||
| 650 | |a CREENCIAS | ||
| 650 | |a Macrothesauro de la OCDE | ||
| 650 | |a TALLERES | ||
| 650 | |a Macrothesauro de la OCDE | ||
| 650 | |a IDENTIDAD CULTURAL | ||
| 650 | |a Macrothesauro de la OCDE/ | ||
| 650 | |a FIESTAS POPULARES | ||
| 650 | |a Macrothesauro de la UNA/ | ||
| 650 | |a DINAMICA DE GRUPOS | ||
| 650 | |a Macrothesauro de la OCDE/ | ||
| 650 | |a HISTORIAS DE VIDA | ||
| 650 | |a Macrothesauro de la OCDE/ | ||
| 650 | |a CULTURA TRADICIONAL | ||
| 650 | |a Macrothesauro de la OCDE/ | ||
| 651 | |a Nicaragua | ||
| 711 | |a Memoria del Taller temático Cultura y Subordinación de la Mujer en Nicaragua 1er Nicaragua 10-12 junio 199 | ||
| 999 | |c 8211 |d 8211 | ||
